[Event "GER-ch Youth ODJM 2019"]
[Site "Willingen"]
[Date "2019.06.12"]
[Round "6.3"]
[White "Petri, Ben-Luca"]
[Black "Wichert, Eddi"]
[Result "0-1"]
[WhiteElo "1895"]
[BlackElo "1702"]
[Annotator "NA"]
[PlyCount "56"]
[EventDate "2019.06.07"]
[EventType "swiss"]
[EventRounds "9"]
[EventCountry "GER"]
[SourceTitle "playchess.com"]
[Source "ChessBase"]
[SourceQuality "1"]
[TimeControl "40/5400+30:1800+30"]

1. e4 {[%emt 0:00:00]} c5 {[%emt 0:00:00]} 2. Nf3 {[%emt 0:00:00]} Nc6 {[%emt 0:00:00]} 3. d4 {[%emt 0:00:00]} cxd4 {[%emt 0:00:00]} 4. Nxd4 {[%emt 0:00:00]} e5 {[%emt 0:04:21]} 5. Nb5 {[%emt 0:00:07]} d6 {[%emt 0:00:05]} 6. N1c3 {[%emt 0:00:30]} Nf6 {[%emt 0:00:27]} 7. Nd5 {[%emt 0:01:16]} Nxd5 {[%emt 0:01:14]} 8. exd5 {[%emt 0:00:22]} Nb8 {[%emt 0:02:23]} 9. c4 {[%emt 0:00:21]} Na6 {[%emt 0:00:42]} 10. Be3 {[%emt 0:00:48]} Bd7 {[%emt 0:18:32]} 11. a4 {[%emt 0:06:08]} Be7 {[%emt 0:06:45]} 12. Be2 {[%emt 0:01:10]} O-O {[%emt 0:00:53]} 13. Qd2 {[%emt 0:01:13]} f5 {[%emt 0:00:58]} 14. f4 {[%emt 0:01:43]} exf4 {[%emt 0:01:38]} 15. Bxf4 {[%emt 0:02:51]} Bxb5 {[%emt 0:00:16]} 16. axb5 {[%emt 0:00:33]} Nc5 {[%emt 0:00:10]} 17. Ra3 {[%emt 0:03:50]} Ne4 {[%emt 0:02:43]} 18. Qc1 {[%emt 0:05:08]} Bf6 {[%emt 0:12:52]} 19. O-O {[%emt 0:02:30]} Bd4+ {[%emt 0:08:40]} 20. Be3 {[%emt 0:03:46]} Qf6 {[%emt 0:01:35]} 21. Ra2 {[%emt 0:02:10]} f4 {[%emt 0:00:22]} 22. Bxd4 {[%emt 0:06:14]} Qxd4+ {[%emt 0:00:05]} 23. Kh1 {[%emt 0:00:16]} Nf2+ {[%emt 0:00:33]} 24. Rxf2 {[%emt 0:00:09]} Qxf2 {[%emt 0:00:04]} 25. Bf3 {[%emt 0:00:33]} Rae8 {[%emt 0:00:28]} 26. Ra1 {[%emt 0:00:04]} Re3 {[%emt 0:01:32]} 27. Qd1 {[%emt 0:01:01]} Rfe8 {[%emt 0:00:21]} 28. Qg1 {[%emt 0:00:11]} Re1 {[%emt 0:00:17] normal} 0-1

[Event "GER-ch Youth ODJM 2019"]
[Site "Willingen"]
[Date "2019.06.12"]
[Round "6.4"]
[White "Werner, Tom"]
[Black "Lauterbach, Kolja"]
[Result "1-0"]
[WhiteElo "1772"]
[BlackElo "1662"]
[Annotator "NA"]
[PlyCount "105"]
[EventDate "2019.06.07"]
[EventType "swiss"]
[EventRounds "9"]
[EventCountry "GER"]
[SourceTitle "playchess.com"]
[Source "ChessBase"]
[SourceQuality "1"]
[TimeControl "40/5400+30:1800+30"]

1. c4 {[%emt 0:00:00]} f5 {[%emt 0:00:00]} 2. g3 {[%emt 0:00:00]} Nf6 {[%emt 0:00:00]} 3. Bg2 {[%emt 0:00:00]} g6 {[%emt 0:00:00]} 4. Nc3 {[%emt 0:00:00]} Bg7 {[%emt 0:00:01]} 5. e3 {[%emt 0:00:00]} O-O {[%emt 0:00:19]} 6. Nge2 {[%emt 0:00:04]} d6 {[%emt 0:00:20]} 7. d3 {[%emt 0:00:29]} e5 {[%emt 0:00:32]} 8. O-O {[%emt 0:00:16]} Nc6 {[%emt 0:00:18]} 9. b3 {[%emt 0:00:29]} Nh5 {[%emt 0:00:21]} 10. Rb1 {[%emt 0:03:22]} f4 {[%emt 0:02:43]} 11. exf4 {[%emt 0:04:09]} exf4 {[%emt 0:00:18]} 12. Bd5+ {[%emt 0:01:28]} Kh8 {[%emt 0:00:32]} 13. Ne4 {[%emt 0:16:57]} Nb4 {[%emt 0:11:47]} 14. a3 {[%emt 0:05:23]} Nxd5 {[%emt 0:00:43]} 15. cxd5 {[%emt 0:00:11]} Bg4 {[%emt 0:07:16]} 16. f3 {[%emt 0:04:57]} Bh3 {[%emt 0:05:52]} 17. Rf2 {[%emt 0:03:01]} fxg3 {[%emt 0:13:14]} 18. hxg3 {[%emt 0:02:27]} Nf6 {[%emt 0:04:05]} 19. Ng5 {[%emt 0:05:13]} Bd7 {[%emt 0:01:59]} 20. Nf4 {[%emt 0:02:30]} Qc8 {[%emt 0:05:23]} 21. Rh2 {[%emt 0:07:30]} Kg8 {[%emt 0:06:39]} 22. Bb2 {[%emt 0:07:54]} Nh5 {[%emt 0:00:42]} 23. Nxh5 {[%emt 0:04:15]} gxh5 {[%emt 0:00:22]} 24. Bxg7 {[%emt 0:03:34]} Kxg7 {[%emt 0:00:16]} 25. Rxh5 {[%emt 0:02:03]} h6 {[%emt 0:00:08]} 26. Qd2 {[%emt 0:07:13]} Rf6 {[%emt 0:01:07]} 27. Ne4 {[%emt 0:02:59]} Rg6 {[%emt 0:00:18]} 28. Qc3+ {[%emt 0:00:28]} Kf7 {[%emt 0:01:15]} 29. Re1 {[%emt 0:03:34]} Qg8 {[%emt 0:01:41]} 30. Kf2 {[%emt 0:06:31]} c6 {[%emt 0:02:55]} 31. Qd2 {[%emt 0:04:17]} Qg7 {[%emt 0:01:45]} 32. Qf4+ {[%emt 0:00:49]} Kg8 {[%emt 0:00:17]} 33. Nxd6 {[%emt 0:00:38]} Rf8 {[%emt 0:01:11]} 34. Qe5 {[%emt 0:00:52]} Qxe5 {[%emt 0:00:44]} 35. Rexe5 {[%emt 0:01:04]} Rxd6 {[%emt 0:00:42]} 36. f4 {[%emt 0:01:54]} Rxd5 {[%emt 0:00:35]} 37. Rxd5 {[%emt 0:00:21]} cxd5 {[%emt 0:00:24]} 38. Rxh6 {[%emt 0:00:26]} Kg7 {[%emt 0:00:36]} 39. Rh5 {[%emt 0:00:40]} Be6 {[%emt 0:00:38]} 40. Kf3 {[%emt 0:00:28]} Bf5 {[%emt 0:02:03]} 41. Ke3 {[%emt 0:31:06]} Kg6 {[%emt 0:32:25]} 42. g4 {[%emt 0:00:37]} Bxg4 {[%emt 0:02:43]} 43. Rg5+ {[%emt 0:00:07]} Kf6 {[%emt 0:00:36]} 44. Rxg4 {[%emt 0:00:07]} Rd8 {[%emt 0:00:58]} 45. Rg5 {[%emt 0:01:22]} Rd7 {[%emt 0:00:59]} 46. Kd4 {[%emt 0:00:31]} Ke6 {[%emt 0:00:17]} 47. Re5+ {[%emt 0:00:13]} Kf6 {[%emt 0:00:52]} 48. Rxd5 {[%emt 0:00:30]} Rc7 {[%emt 0:00:12]} 49. Rc5 {[%emt 0:00:00]} Rd7+ {[%emt 0:00:00]} 50. Ke4 {[%emt 0:00:00]} Ke6 {[%emt 0:00:00]} 51. d4 {[%emt 0:00:00]} Kf6 {[%emt 0:00:00]} 52. Rf5+ {[%emt 0:00:00]} Kg6 {[%emt 0:00:00]} 53. d5 {normal} 1-0

[Event "GER-ch Youth ODJM 2019"]
[Site "Willingen"]
[Date "2019.06.12"]
[Round "6.5"]
[White "Doll, Alexander"]
[Black "Weber, Samuel"]
[Result "0-1"]
[WhiteElo "1991"]
[BlackElo "2160"]
[Annotator "ChessBase"]
[PlyCount "64"]
[EventDate "2019.06.07"]
[EventType "swiss"]
[EventRounds "9"]
[EventCountry "GER"]
[SourceTitle "playchess.com"]
[Source "ChessBase"]
[SourceQuality "1"]
[TimeControl "40/5400+30:1800+30"]

1. e4 {[%emt 0:00:00]} e5 {[%emt 0:00:00]} 2. Nf3 {[%emt 0:00:00]} Nc6 {[%emt 0:00:00]} 3. Bc4 {[%emt 0:00:00]} Bc5 {[%emt 0:00:00]} 4. d3 {[%emt 0:00:00]} Nf6 {[%emt 0:00:08]} 5. O-O {[%emt 0:00:13]} O-O {[%emt 0:03:11]} 6. h3 {[%emt 0:03:07]} a6 {[%emt 0:00:59]} 7. Bb3 {[%emt 0:00:23]} d6 {[%emt 0:00:09]} 8. c3 {[%emt 0:00:32]} Re8 {[%emt 0:08:46]} 9. Re1 {[%emt 0:03:59]} Be6 {[%emt 0:00:58]} 10. Nbd2 {[%emt 0:01:47]} Bxb3 {[%emt 0:03:33]} 11. axb3 {[%emt 0:00:22]} d5 {[%emt 0:01:00]} 12. Qe2 {[%emt 0:03:55]} Qd7 {[%emt 0:02:24]} 13. Nf1 {[%emt 0:03:04]} h6 {[%emt 0:04:58]} 14. b4 {[%emt 0:17:19]} Bf8 {[%emt 0:03:44]} 15. Ng3 {[%emt 0:02:43]} Rad8 16. Nh4 {[%emt 0:06:57]} g6 {[%emt 0:07:54]} 17. Qc2 {[%emt 0:12:29]} Re6 {[%emt 0:07:04]} 18. Kf1 {[%emt 0:10:05]} Rd6 {[%emt 0:07:15]} 19. Qb3 {[%emt 0:09:38]} Kh7 {[%emt 0:09:18]} 20. Nf3 {[%emt 0:03:19]} d4 {[%emt 0:05:38]} 21. c4 {[%emt 0:01:15]} Re6 {[%emt 0:00:13]} 22. Bd2 {[%emt 0:02:02]} Qe7 {[%emt 0:02:48]} 23. Ra4 {[%emt 0:02:31]} Nd7 {[%emt 0:00:45]} 24. c5 {[%emt 0:01:43]} a5 {[%emt 0:01:56]} 25. Rc1 {[%emt 0:09:21]} axb4 {[%emt 0:00:56]} 26. Bxb4 {[%emt 0:01:06]} Nxb4 {[%emt 0:00:00]} 27. Rxb4 {[%emt 0:00:10]} Nxc5 {[%emt 0:00:14]} 28. Qc4 {[%emt 0:00:53]} Nxd3 {[%emt 0:01:25]} 29. Qxd3 {[%emt 0:00:57]} Qxb4 {[%emt 0:00:05]} 30. Rxc7 {[%emt 0:00:07]} Re7 {[%emt 0:01:02]} 31. Rxe7 {[%emt 0:00:28]} Qxe7 {[%emt 0:00:27]} 32. Qb5 {[%emt 0:02:04]} d3 {[%emt 0:05:33] normal} 0-1

[Event "GER-ch Youth ODJM 2019"]
[Site "Willingen"]
[Date "2019.06.12"]
[Round "6.5"]
[White "Schmied, Elias"]
[Black "Reuter, Julian-Frank"]
[Result "1-0"]
[WhiteElo "1669"]
[BlackElo "1733"]
[Annotator "NA"]
[PlyCount "158"]
[EventDate "2019.06.07"]
[EventType "swiss"]
[EventRounds "9"]
[EventCountry "GER"]
[SourceTitle "playchess.com"]
[Source "ChessBase"]
[SourceQuality "1"]
[TimeControl "40/5400+30:1800+30"]

1. d4 {[%emt 0:00:00]} Nf6 {[%emt 0:00:00]} 2. c4 {[%emt 0:00:00]} c5 {[%emt 0:00:00]} 3. Nf3 {[%emt 0:00:57]} cxd4 {[%emt 0:00:02]} 4. Nxd4 {[%emt 0:00:12]} e6 {[%emt 0:00:46]} 5. Nc3 {[%emt 0:01:43]} Bb4 {[%emt 0:00:09]} 6. Qc2 {[%emt 0:06:55]} Nc6 {[%emt 0:01:15]} 7. e3 {[%emt 0:02:40]} O-O {[%emt 0:00:13]} 8. Be2 {[%emt 0:04:02]} Qb6 {[%emt 0:03:28]} 9. Nf3 {[%emt 0:04:06]} d5 {[%emt 0:00:30]} 10. O-O {[%emt 0:09:41]} Rd8 {[%emt 0:04:52]} 11. Rd1 {[%emt 0:02:06]} h6 {[%emt 0:00:15]} 12. a3 {[%emt 0:01:00]} Be7 {[%emt 0:00:18]} 13. b4 {[%emt 0:01:48]} a6 {[%emt 0:04:43]} 14. c5 {[%emt 0:05:11]} Qc7 {[%emt 0:00:52]} 15. Bb2 {[%emt 0:01:00]} Nd7 {[%emt 0:05:06]} 16. Rd2 {[%emt 0:07:37]} b6 {[%emt 0:01:01]} 17. cxb6 {[%emt 0:00:48]} Nxb6 {[%emt 0:00:19]} 18. Na4 {[%emt 0:00:24]} Nxa4 {[%emt 0:03:06]} 19. Qxa4 {[%emt 0:02:54]} Bd7 {[%emt 0:00:21]} 20. Rc1 {[%emt 0:02:48]} Qb7 {[%emt 0:00:45]} 21. Qb3 {[%emt 0:01:00]} Na7 {[%emt 0:01:34]} 22. Ne5 {[%emt 0:06:00]} Bb5 {[%emt 0:12:44]} 23. Bxb5 {[%emt 0:01:17]} Nxb5 {[%emt 0:00:21]} 24. Nc6 {[%emt 0:01:51]} Rdc8 {[%emt 0:00:14]} 25. Nxe7+ {[%emt 0:00:08]} Qxe7 {[%emt 0:00:02]} 26. Rdc2 {[%emt 0:00:42]} Qd7 {[%emt 0:00:28]} 27. Rc5 {[%emt 0:06:47]} Rxc5 {[%emt 0:02:29]} 28. Rxc5 {[%emt 0:00:27]} Rc8 {[%emt 0:00:16]} 29. Qc2 {[%emt 0:00:37]} Nd6 {[%emt 0:00:10]} 30. Rxc8+ {[%emt 0:01:56]} Nxc8 {[%emt 0:00:14]} 31. Qc5 {[%emt 0:03:13]} Nd6 {[%emt 0:01:03]} 32. Qc3 {[%emt 0:05:47]} f6 {[%emt 0:00:16]} 33. h3 {[%emt 0:00:24]} Nc4 {[%emt 0:04:25]} 34. Qb3 {[%emt 0:04:21]} Nd2 {[%emt 0:07:00]} 35. Qd3 {[%emt 0:01:12]} Nc4 {[%emt 0:00:09]} 36. Qb3 {[%emt 0:00:10]} e5 {[%emt 0:02:22]} 37. Bc3 {[%emt 0:06:06]} Kh8 {[%emt 0:03:09]} 38. a4 {[%emt 0:01:54]} Qb7 {[%emt 0:02:06]} 39. Kh1 {[%emt 0:03:26]} Nd6 {[%emt 0:01:25]} 40. Bb2 {[%emt 0:02:48]} Ne4 {[%emt 0:01:57]} 41. Kg1 {[%emt 0:31:58]} Nd6 {[%emt 0:36:36]} 42. Ba3 {[%emt 0:00:00]} Nc4 {[%emt 0:00:00]} 43. Bb2 {[%emt 0:00:00]} Qd7 {[%emt 0:00:00]} 44. Bc3 {[%emt 0:00:00]} Nb6 {[%emt 0:00:00]} 45. b5 {[%emt 0:00:00]} axb5 {[%emt 0:00:00]} 46. Qxb5 {[%emt 0:00:00]} Qxb5 {[%emt 0:00:00]} 47. axb5 {[%emt 0:00:00]} Kg8 {[%emt 0:00:00]} 48. Kf1 {[%emt 0:00:00]} Kf7 {[%emt 0:00:00]} 49. Ke2 {[%emt 0:00:00]} Ke6 {[%emt 0:00:00]} 50. Kd3 {[%emt 0:00:00]} Kd7 {[%emt 0:00:00]} 51. Bb4 {[%emt 0:00:00]} g6 {[%emt 0:00:00]} 52. Bf8 {[%emt 0:00:00]} h5 {[%emt 0:00:00]} 53. Kc3 {[%emt 0:00:00]} f5 {[%emt 0:00:00]} 54. Kb4 {[%emt 0:00:00]} d4 {[%emt 0:00:00]} 55. exd4 {[%emt 0:00:00]} exd4 {[%emt 0:00:00]} 56. Kc5 {[%emt 0:00:00]} d3 {[%emt 0:00:00]} 57. Bh6 {[%emt 0:00:00]} Na4+ {[%emt 0:00:00]} 58. Kb4 {[%emt 0:00:00]} Nb2 {[%emt 0:00:00]} 59. Kc3 {[%emt 0:00:00]} Nd1+ {[%emt 0:00:00]} 60. Kxd3 {[%emt 0:00:00]} Nxf2+ {[%emt 0:00:00]} 61. Kd4 {[%emt 0:01:44]} Ne4 {[%emt 0:00:00]} 62. Ke5 {[%emt 0:00:59]} Nd6 {[%emt 0:07:35]} 63. Kf6 {[%emt 0:01:56]} Nxb5 {[%emt 0:00:06]} 64. Kxg6 {[%emt 0:00:10]} Ke6 {[%emt 0:00:02]} 65. Kxh5 {[%emt 0:01:34]} Kf6 {[%emt 0:00:11]} 66. Bg5+ {[%emt 0:01:52]} Kf7 {[%emt 0:00:09]} 67. Bf4 {[%emt 0:00:28]} Kf6 {[%emt 0:00:30]} 68. Bg5+ {[%emt 0:00:51]} Kf7 {[%emt 0:00:06]} 69. Bd8 {[%emt 0:00:08]} Nd4 {[%emt 0:00:20]} 70. Bc7 {[%emt 0:02:24]} Kf6 {[%emt 0:00:41]} 71. g3 {[%emt 0:01:10]} Ne6 {[%emt 0:00:32]} 72. Bd6 {[%emt 0:00:59]} Nd8 {[%emt 0:02:16]} 73. Bb4 {[%emt 0:01:09]} Ne6 {[%emt 0:00:53]} 74. Bc3+ {[%emt 0:00:07]} Kf7 {[%emt 0:00:07]} 75. Be5 {[%emt 0:00:23]} Nc5 {[%emt 0:00:45]} 76. Kg5 {[%emt 0:01:49]} Ke6 {[%emt 0:00:14]} 77. Bf4 {[%emt 0:01:08]} Ne4+ {[%emt 0:01:05]} 78. Kg6 {[%emt 0:00:15]} Nf6 {[%emt 0:01:08]} 79. h4 {[%emt 0:00:26]} Kd5 {normal} 1-0

[Event "GER-ch Youth ODJM 2019"]
[Site "Willingen"]
[Date "2019.06.12"]
[Round "6.7"]
[White "Grossmann, Piet"]
[Black "Kublanov, Carolin"]
[Result "1-0"]
[WhiteElo "1801"]
[BlackElo "1748"]
[Annotator "NA"]
[PlyCount "95"]
[EventDate "2019.06.07"]
[EventType "swiss"]
[EventRounds "9"]
[EventCountry "GER"]
[SourceTitle "playchess.com"]
[Source "ChessBase"]
[SourceQuality "1"]
[TimeControl "40/5400+30:1800+30"]

1. e4 {[%emt 0:00:00]} g6 {[%emt 0:00:00]} 2. d4 {[%emt 0:00:00]} Bg7 {[%emt 0:00:00]} 3. Nc3 {[%emt 0:00:00]} d6 {[%emt 0:00:29]} 4. f4 {[%emt 0:00:15]} a6 {[%emt 0:01:19]} 5. Nf3 {[%emt 0:00:38]} b5 {[%emt 0:01:36]} 6. Bd3 {[%emt 0:00:58]} Nd7 {[%emt 0:00:50]} 7. Be3 {[%emt 0:01:27]} c5 {[%emt 0:02:54]} 8. dxc5 {[%emt 0:00:54]} Nxc5 {[%emt 0:01:15]} 9. Bxc5 {[%emt 0:01:24]} dxc5 {[%emt 0:01:53]} 10. e5 {[%emt 0:00:52]} Nh6 {[%emt 0:07:54]} 11. Be4 {[%emt 0:03:18]} Qxd1+ {[%emt 0:03:39]} 12. Rxd1 {[%emt 0:00:04]} Ra7 {[%emt 0:01:21]} 13. O-O {[%emt 0:04:53]} O-O {[%emt 0:01:18]} 14. h3 {[%emt 0:01:44]} Nf5 {[%emt 0:02:14]} 15. Kf2 {[%emt 0:02:38]} f6 {[%emt 0:13:12]} 16. g4 {[%emt 0:06:49]} Nd4 {[%emt 0:04:27]} 17. Nxd4 {[%emt 0:31:10]} cxd4 {[%emt 0:00:45]} 18. exf6 {[%emt 0:00:48]} Bxf6 {[%emt 0:06:55]} 19. Nd5 {[%emt 0:01:00]} Bg7 {[%emt 0:04:17]} 20. Kg3 {[%emt 0:02:00]} e6 {[%emt 0:05:09]} 21. Nb4 {[%emt 0:01:28]} Rc7 {[%emt 0:04:01]} 22. Rf2 {[%emt 0:16:29]} Kh8 {[%emt 0:10:51]} 23. Nd3 {[%emt 0:01:04]} Rcf7 {[%emt 0:10:00]} 24. Rdd2 {[%emt 0:02:21]} Rc7 {[%emt 0:02:34]} 25. Rde2 {[%emt 0:02:56]} a5 {[%emt 0:04:12]} 26. Ne5 {[%emt 0:01:52]} g5 {[%emt 0:01:44]} 27. Nd3 {[%emt 0:00:42]} gxf4+ {[%emt 0:00:57]} 28. Rxf4 {[%emt 0:00:21]} Rxf4 {[%emt 0:00:23]} 29. Kxf4 {[%emt 0:01:29]} Rf7+ {[%emt 0:01:59]} 30. Kg3 {[%emt 0:01:10]} Rf1 {[%emt 0:04:21]} 31. Kg2 {[%emt 0:01:10]} Rf7 {[%emt 0:00:31]} 32. Rf2 {[%emt 0:00:38]} Rxf2+ {[%emt 0:00:35]} 33. Kxf2 {[%emt 0:00:04]} h6 {[%emt 0:01:27]} 34. a3 {[%emt 0:01:11]} Kg8 {[%emt 0:00:26]} 35. Bc6 {[%emt 0:01:35]} Ba6 {[%emt 0:00:38]} 36. Nc5 {[%emt 0:00:30]} Bc8 {[%emt 0:00:16]} 37. Bxb5 {[%emt 0:00:18]} Kf8 {[%emt 0:00:44]} 38. Bd3 {[%emt 0:00:56]} Ke7 {[%emt 0:00:27]} 39. Nb3 {[%emt 0:00:58]} a4 {[%emt 0:00:39]} 40. Nc5 {[%emt 0:00:06]} Bd7 {[%emt 0:00:33]} 41. Nxd7 {[%emt 0:32:58]} Kxd7 {[%emt 0:01:54]} 42. Kf3 {[%emt 0:00:00]} Kd6 {[%emt 0:00:42]} 43. Ke4 {[%emt 0:00:00]} Kc5 {[%emt 0:01:32]} 44. b4+ {[%emt 0:00:00]} axb3 {[%emt 0:01:01]} 45. cxb3 {[%emt 0:00:00]} Bf6 {[%emt 0:04:08]} 46. b4+ {[%emt 0:00:00]} Kd6 {[%emt 0:04:38]} 47. a4 {[%emt 0:00:00]} e5 {[%emt 0:08:44]} 48. a5 {[%emt 0:00:00] normal} 1-0

[Event "GER-ch Youth ODJM 2019"]
[Site "Willingen"]
[Date "2019.06.12"]
[Round "6.8"]
[White "Zieringer, Sebastian"]
[Black "Andresen, Marc"]
[Result "0-1"]
[WhiteElo "1825"]
[BlackElo "1428"]
[Annotator "NA"]
[PlyCount "28"]
[EventDate "2019.06.07"]
[EventType "swiss"]
[EventRounds "9"]
[EventCountry "GER"]
[SourceTitle "playchess.com"]
[Source "ChessBase"]
[SourceQuality "1"]
[TimeControl "40/5400+30:1800+30"]

1. e4 {[%emt 0:00:00]} e5 {[%emt 0:00:00]} 2. Bc4 {[%emt 0:00:00]} Nf6 {[%emt 0:00:02]} 3. d4 {[%emt 0:00:00]} exd4 {[%emt 0:00:21]} 4. Nf3 {[%emt 0:00:00]} Nxe4 {[%emt 0:01:03]} 5. Qxd4 {[%emt 0:00:06]} Nf6 {[%emt 0:00:05]} 6. Nc3 {[%emt 0:00:10]} Be7 {[%emt 0:03:47]} 7. Bg5 {[%emt 0:00:27]} c6 {[%emt 0:03:15]} 8. O-O-O {[%emt 0:00:12]} d5 {[%emt 0:03:08]} 9. Rhe1 {[%emt 0:09:46]} O-O {[%emt 0:06:50]} 10. Bxd5 {[%emt 0:54:16]} cxd5 {[%emt 0:30:14]} 11. Nxd5 {[%emt 0:01:29]} Qxd5 {[%emt 0:02:33]} 12. Qh4 {[%emt 0:07:40]} Qc5 {[%emt 0:13:54]} 13. Re5 {[%emt 0:00:16]} Qc7 {[%emt 0:00:43]} 14. Rd3 {[%emt 0:02:40]} Nc6 {[%emt 0:01:32] normal} 0-1

[Event "GER-ch Youth ODJM 2019"]
[Site "Willingen"]
[Date "2019.06.12"]
[Round "6.9"]
[White "Kardoeus, David"]
[Black "Mainka, Alwin"]
[Result "1-0"]
[WhiteElo "2202"]
[BlackElo "1833"]
[Annotator "NA"]
[PlyCount "26"]
[EventDate "2019.06.07"]
[EventType "swiss"]
[EventRounds "9"]
[EventCountry "GER"]
[SourceTitle "playchess.com"]
[Source "ChessBase"]
[SourceQuality "1"]
[TimeControl "40/5400+30:1800+30"]

1. e4 {[%emt 0:00:00]} c5 {[%emt 0:00:00]} 2. Nf3 {[%emt 0:00:01]} d6 {[%emt 0:00:00]} 3. d4 {[%emt 0:00:07]} cxd4 {[%emt 0:00:00]} 4. Nxd4 {[%emt 0:00:04]} Nf6 {[%emt 0:00:00]} 5. Nc3 {[%emt 0:00:05]} g6 {[%emt 0:00:00]} 6. Be3 {[%emt 0:00:07]} Bg7 {[%emt 0:00:05]} 7. f3 {[%emt 0:00:08]} O-O {[%emt 0:00:13]} 8. Qd2 {[%emt 0:00:19]} Nc6 {[%emt 0:00:09]} 9. g4 {[%emt 0:00:15]} Be6 {[%emt 0:00:15]} 10. Nxe6 {[%emt 0:00:06]} fxe6 {[%emt 0:00:06]} 11. O-O-O {[%emt 0:00:28]} a6 {[%emt 0:00:55]} 12. g5 {[%emt 0:04:38]} Ne8 {[%emt 0:12:10]} 13. Bh3 {[%emt 0:02:43] normal} Kf7 {[%emt 0:01:14] normal} 1-0

[Event "GER-ch Youth ODJM 2019"]
[Site "Willingen"]
[Date "2019.06.12"]
[Round "6.10"]
[White "Knudsen, Simon"]
[Black "Gorainow, Nikita"]
[Result "1-0"]
[WhiteElo "2166"]
[BlackElo "1929"]
[Annotator "NA"]
[PlyCount "48"]
[EventDate "2019.06.07"]
[EventType "swiss"]
[EventRounds "9"]
[EventCountry "GER"]
[SourceTitle "playchess.com"]
[Source "ChessBase"]
[SourceQuality "1"]
[TimeControl "40/5400+30:1800+30"]

1. e4 {[%emt 0:00:00]} c5 {[%emt 0:00:00]} 2. Nf3 {[%emt 0:00:00]} Nc6 {[%emt 0:00:34]} 3. Bb5 {[%emt 0:00:00]} g6 {[%emt 0:00:03]} 4. Bxc6 {[%emt 0:00:00]} bxc6 {[%emt 0:00:03]} 5. O-O {[%emt 0:00:00]} Bg7 {[%emt 0:00:03]} 6. Re1 {[%emt 0:00:03]} Nh6 {[%emt 0:00:04]} 7. c3 {[%emt 0:00:06]} O-O {[%emt 0:00:20]} 8. h3 {[%emt 0:00:04]} f5 {[%emt 0:00:10]} 9. e5 {[%emt 0:00:06]} Nf7 {[%emt 0:00:23]} 10. d3 {[%emt 0:00:09]} Ba6 {[%emt 0:00:07]} 11. Na3 {[%emt 0:01:54]} d6 {[%emt 0:30:36]} 12. Bf4 {[%emt 0:00:09]} g5 {[%emt 0:11:12]} 13. Bxg5 {[%emt 0:02:51]} Nxe5 {[%emt 0:00:22]} 14. Nxe5 {[%emt 0:04:45]} Bxe5 {[%emt 0:01:18]} 15. Qa4 {[%emt 0:00:27]} Bxd3 {[%emt 0:09:37]} 16. Rad1 {[%emt 0:00:24]} Be4 {[%emt 0:15:18]} 17. f3 {[%emt 0:00:07]} Bg3 {[%emt 0:01:00]} 18. fxe4 {[%emt 0:00:17]} Bxe1 {[%emt 0:00:07]} 19. Rxe1 {[%emt 0:00:10]} Qd7 {[%emt 0:03:12]} 20. e5 {[%emt 0:02:29]} d5 {[%emt 0:05:06]} 21. Qh4 {[%emt 0:00:28]} Qe6 {[%emt 0:06:39]} 22. Bxe7 {[%emt 0:00:15]} Rf7 {[%emt 0:00:05]} 23. Bf6 {[%emt 0:00:27]} Kf8 {[%emt 0:00:13]} 24. Nc2 {[%emt 0:02:00]} Rb8 {[%emt 0:00:32] normal} 1-0

[Event "GER-ch Youth ODJM 2019"]
[Site "Willingen"]
[Date "2019.06.12"]
[Round "6.11"]
[White "Hartmann, Jakob"]
[Black "Lohr, Maximilian"]
[Result "1-0"]
[WhiteElo "2144"]
[BlackElo "1981"]
[Annotator "NA"]
[PlyCount "67"]
[EventDate "2019.06.07"]
[EventType "swiss"]
[EventRounds "9"]
[EventCountry "GER"]
[SourceTitle "playchess.com"]
[Source "ChessBase"]
[SourceQuality "1"]
[TimeControl "40/5400+30:1800+30"]

1. e4 {[%emt 0:00:00]} d5 {[%emt 0:00:33]} 2. exd5 {[%emt 0:00:31]} Qxd5 {[%emt 0:00:33]} 3. Nc3 {[%emt 0:00:44]} Qd6 {[%emt 0:00:13]} 4. d4 {[%emt 0:00:33]} Nf6 {[%emt 0:00:21]} 5. Nf3 {[%emt 0:01:26]} a6 {[%emt 0:00:28]} 6. g3 {[%emt 0:01:20]} b5 {[%emt 0:01:01]} 7. Bg2 {[%emt 0:01:52]} Bb7 {[%emt 0:00:11]} 8. O-O {[%emt 0:01:43]} e6 {[%emt 0:00:34]} 9. Ne5 {[%emt 0:03:12]} Bxg2 {[%emt 0:03:47]} 10. Kxg2 {[%emt 0:00:10]} c5 {[%emt 0:03:31]} 11. Qf3 {[%emt 0:11:07]} Ra7 {[%emt 0:10:07]} 12. Bf4 {[%emt 0:16:02]} Qb6 {[%emt 0:00:35]} 13. dxc5 {[%emt 0:17:07]} Bxc5 {[%emt 0:00:57]} 14. Nd3 {[%emt 0:03:18]} Bd4 {[%emt 0:04:54]} 15. Ne2 {[%emt 0:06:42]} Nc6 {[%emt 0:08:03]} 16. c3 {[%emt 0:04:24]} e5 {[%emt 0:00:06]} 17. Nxd4 {[%emt 0:01:18]} exd4 {[%emt 0:00:42]} 18. Bd6 {[%emt 0:03:20]} Rd7 {[%emt 0:03:20]} 19. Rfe1+ {[%emt 0:03:09]} Kd8 {[%emt 0:00:31]} 20. Bc5 {[%emt 0:03:53]} Qb7 {[%emt 0:00:25]} 21. cxd4 {[%emt 0:01:03]} Na5 {[%emt 0:04:25]} 22. Bb6+ {[%emt 0:05:54]} Qxb6 {[%emt 0:01:43]} 23. Qa8+ {[%emt 0:00:10]} Kc7 {[%emt 0:00:07]} 24. Rac1+ {[%emt 0:00:53]} Nc4 {[%emt 0:03:19]} 25. Qxh8 {[%emt 0:00:33]} Qxd4 {[%emt 0:00:22]} 26. Qxg7 {[%emt 0:04:46]} Qd5+ {[%emt 0:00:31]} 27. Kg1 {[%emt 0:00:42]} Nh5 {[%emt 0:00:45]} 28. Qe5+ {[%emt 0:01:19]} Kb6 {[%emt 0:00:58]} 29. Qxd5 {[%emt 0:01:09]} Rxd5 {[%emt 0:00:05]} 30. Nb4 {[%emt 0:01:39]} Rd6 {[%emt 0:00:44]} 31. b3 {[%emt 0:01:27]} Nd2 {[%emt 0:00:06]} 32. Kg2 {[%emt 0:02:10]} Rg6 {[%emt 0:00:03]} 33. Nd5+ {[%emt 0:00:16]} Ka5 {[%emt 0:00:25]} 34. Rc2 {[%emt 0:00:42] normal} 1-0